| Tag |
First Indicator |
Second Indicator |
Subfields |
| LEADER |
00000cam a2200000 i 4500 |
| 001 |
in00000255708 |
| 005 |
20151010053532.0 |
| 008 |
790123s1978 enk 00010 eng |
| 010 |
|
|
|a 78319630
|
| 015 |
|
|
|a GB78-16028
|
| 020 |
|
|
|a 0704321610 :
|c 6.25 ($10.95)
|
| 035 |
|
|
|a (OCoLC)04809464
|
| 035 |
|
|
|9 ABC4863AM
|
| 040 |
|
|
|a DLC
|c DLC
|d TXA
|d UtOrBLW
|
| 043 |
|
|
|a a-ii---
|
| 049 |
|
|
|a TXAM
|c [1495704]
|
| 050 |
0 |
0 |
|a JQ229.C6
|b G362
|
| 082 |
0 |
|
|a 309.1/54/04
|
| 100 |
1 |
|
|a Dubé, Rani.
|
| 245 |
1 |
4 |
|a The evil within /
|c [by] Rani Dube ; edited by Timeri Murari.
|
| 264 |
|
1 |
|a London ;
|a New York :
|b Quartet Books,
|c 1978.
|
| 300 |
|
|
|a 1 unnumbered page, 160 pages ;
|c 23 cm.
|
| 336 |
|
|
|a text
|b txt
|2 rdacontent
|
| 337 |
|
|
|a unmediated
|b n
|2 rdamedia
|
| 338 |
|
|
|a volume
|b nc
|2 rdacarrier
|
| 600 |
1 |
0 |
|a Gandhi, Indira,
|d 1917-1984.
|
| 650 |
|
0 |
|a Political corruption
|z India.
|
| 650 |
|
0 |
|a Misconduct in office
|z India.
|
| 651 |
|
0 |
|a India
|x Moral conditions.
|
| 700 |
1 |
|
|a Murari, Timeri.
|
| 999 |
|
|
|a MARS
|
| 999 |
f |
f |
|s 6512ed61-da5d-3e7c-aa12-c85df07a38b4
|i 6f3d45fb-5dc8-32f1-91dd-38387e1f2206
|t 0
|
| 952 |
f |
f |
|p ric
|a Texas A&M University
|b Rellis Campus
|c Joint Library Facility
|d Remote Storage
|t 0
|e JQ229.C6 G362
|h Library of Congress classification
|i unmediated -- volume
|m A14803118281
|
| 998 |
f |
f |
|a JQ229.C6 G362
|t 0
|l Remote Storage
|